[Event "Verbandsliga 2019-20"]
[Site "MVP"]
[Date "2019.09.29"]
[Round "1.8"]
[White "Borchert, Ulf"]
[Black "Haase, Sebastian"]
[Result "1/2-1/2"]
[WhiteElo "1973"]
[BlackElo "1857"]
[PlyCount "33"]
[EventDate "2019.09.29"]
[EventType "team-tourn"]
[EventRounds "9"]
[WhiteTeam "ASV Wismar"]
[BlackTeam "BW Grevesmuehlen"]
[WhiteTeamCountry "GER"]
[BlackTeamCountry "GER"]

1. d4 Nf6 2. Nf3 d6 3. Bg5 Nbd7 4. Nbd2 g6 5. e4 Bg7 6. Bc4 e5 7. O-O O-O 8.
dxe5 Nxe5 9. Nxe5 dxe5 10. Qe2 Qe7 11. Qe3 Be6 12. Bd3 c6 13. f4 exf4 14. Qxf4
Qc5+ 15. Kh1 Nh5 16. Qh4 f6 17. Bf4 1/2-1/2

[Event "Verbandsliga 2019-20"]
[Site "MVP"]
[Date "2019.09.29"]
[Round "1.1"]
[White "Wolke, Heiko"]
[Black "Waschk, Armin"]
[Result "0-1"]
[WhiteElo "2036"]
[BlackElo "2165"]
[PlyCount "96"]
[EventDate "2019.09.29"]
[EventType "team-tourn"]
[EventRounds "9"]
[WhiteTeam "Turbine Rostock"]
[BlackTeam "SG Guestrow/Teterow"]
[WhiteTeamCountry "GER"]
[BlackTeamCountry "GER"]

1. e4 c5 2. Nf3 d6 3. Bc4 Nf6 4. e5 dxe5 5. Nxe5 e6 6. d3 Bd6 7. Qe2 O-O 8. Nd2
Qc7 9. f4 Nc6 10. Nxc6 Qxc6 11. Ne4 Be7 12. a4 b6 13. Bb5 Qc7 14. Bd2 Nd5 15.
O-O Bb7 16. a5 Rab8 17. axb6 Qxb6 18. c4 Nb4 19. Bxb4 cxb4+ 20. Qf2 Rfd8 21.
Qxb6 axb6 22. Rfd1 Rd4 23. Kf2 Bc5 24. Ke2 Bxe4 25. dxe4 Rxe4+ 26. Kf3 Re3+ 27.
Kf2 Rh3+ 28. Ke2 Rxh2 29. Kf3 Rh6 30. Ra7 Rf6 31. Ke4 h6 32. g4 g5 33. f5 exf5+
34. gxf5 Kg7 35. Rc7 h5 36. Bc6 h4 37. Ke5 Rxc6 38. Rxc6 Re8+ 39. Re6 fxe6 40.
Rd7+ Kf8 41. fxe6 Be7 42. Kf5 Kg7 43. Rd3 Rf8+ 44. Kg4 Rf4+ 45. Kh5 Kf6 46. Re3
Kf5 47. b3 h3 48. Rxh3 Rh4+ 0-1

[Event "Verbandsliga 2019-20"]
[Site "MVP"]
[Date "2019.09.29"]
[Round "1.2"]
[White "Dettmann, Gerd"]
[Black "Ruesch, Hans-Joachim"]
[Result "1-0"]
[WhiteElo "2102"]
[BlackElo "2056"]
[PlyCount "65"]
[EventDate "2019.09.29"]
[EventType "team-tourn"]
[EventRounds "9"]
[WhiteTeam "SG Guestrow/Teterow"]
[BlackTeam "Turbine Rostock"]
[WhiteTeamCountry "GER"]
[BlackTeamCountry "GER"]

1. e4 g6 2. d4 Bg7 3. Nc3 d6 4. Be3 a6 5. Qd2 b5 6. O-O-O Nf6 7. f3 c6 8. g4
Qa5 9. Kb1 Nbd7 10. h4 b4 11. Nce2 Nb6 12. Nc1 Be6 13. Nb3 Bxb3 14. cxb3 h5 15.
g5 Nfd7 16. f4 Nc8 17. Ne2 Qb6 18. f5 a5 19. Nf4 d5 20. exd5 cxd5 21. Nxd5 Qd6
22. Bg2 O-O 23. f6 exf6 24. gxf6 Bh8 25. Bf4 Qe6 26. Rhe1 Qf5+ 27. Be4 Qg4 28.
Ne7+ Nxe7 29. fxe7 Nf6 30. exf8=Q+ Rxf8 31. Bd3 Nd5 32. Be5 Bxe5 33. dxe5 1-0

[Event "Verbandsliga 2019-20"]
[Site "MVP"]
[Date "2019.09.29"]
[Round "1.3"]
[White "Hamann, Dirk"]
[Black "Gebert-Vangeel, Ralf"]
[Result "0-1"]
[WhiteElo "1987"]
[BlackElo "2033"]
[PlyCount "82"]
[EventDate "2019.09.29"]
[EventType "team-tourn"]
[EventRounds "9"]
[WhiteTeam "Turbine Rostock"]
[BlackTeam "SG Guestrow/Teterow"]
[WhiteTeamCountry "GER"]
[BlackTeamCountry "GER"]

1. e4 e5 2. Nf3 Nc6 3. c3 Be7 4. d4 d6 5. Bc4 Nf6 6. dxe5 Nxe5 7. Nxe5 dxe5 8.
Qc2 O-O 9. O-O c6 10. a4 Bg4 11. Be3 Qc7 12. f3 Bd7 13. Rd1 a5 14. Nd2 b5 15.
Be2 Rab8 16. Nf1 Be6 17. Rd2 Nd7 18. axb5 cxb5 19. Qd1 Nc5 20. Bxc5 Qxc5+ 21.
Kh1 a4 22. Ng3 Bg5 23. Rd6 Rbd8 24. Rxd8 Rxd8 25. Qf1 Rb8 26. Qe1 g6 27. Qf1 h5
28. Qe1 Bb3 29. Bd1 Be6 30. Be2 Rd8 31. Nf1 Bb3 32. h4 Be7 33. g3 b4 34. cxb4
Qxb4 35. Qxb4 Bxb4 36. Kg2 Bc5 37. Rc1 Bd4 38. Rb1 Rc8 39. Bd3 Bc2 40. Bxc2
Rxc2+ 41. Kh3 Rxb2 0-1

[Event "Verbandsliga 2019-20"]
[Site "MVP"]
[Date "2019.09.29"]
[Round "1.4"]
[White "Dettmann, Holger"]
[Black "Schmidt, Reinhard"]
[Result "1-0"]
[WhiteElo "2012"]
[BlackElo "1898"]
[Annotator "User"]
[PlyCount "61"]
[EventDate "2019.09.29"]
[EventType "team-tourn"]
[EventRounds "9"]
[WhiteTeam "SG Guestrow/Teterow"]
[BlackTeam "Turbine Rostock"]
[WhiteTeamCountry "GER"]
[BlackTeamCountry "GER"]

1. d4 Nf6 2. Nc3 b6 3. Bf4 Bb7 4. Qd2 e6 5. f3 Nh5 6. Bg5 Be7 7. Bxe7 Qxe7 8.
O-O-O O-O 9. g4 Nf6 10. e4 d5 11. g5 Nfd7 12. exd5 Bxd5 13. Nxd5 exd5 14. Re1
Qd6 15. f4 Nc6 16. Bh3 Rfe8 17. Ne2 Na5 18. Kb1 Re7 19. Ng3 Nc4 20. Qc1 Rxe1
21. Rxe1 Nf8 22. Nf5 Qb4 23. c3 Qb5 24. b3 Na5 25. Bg2 Rd8 26. Ne7+ Kh8 27. f5
c5 28. Bf1 Qd7 29. h4 cxd4 30. cxd4 Nc6 (30... Ne6 31. f6 g6 32. Bh3 Qb5 33.
Bxe6 fxe6 34. Qc3 Qd7 35. Qh3 Nc6 36. Nxc6 Qxc6 37. Qxe6 Qb5 38. Kb2) 31. f6
1-0

[Event "Verbandsliga 2019-20"]
[Site "MVP"]
[Date "2019.09.29"]
[Round "1.5"]
[White "Boecking, Uwe"]
[Black "Kiel, Bernd"]
[Result "1/2-1/2"]
[WhiteElo "1769"]
[BlackElo "1989"]
[PlyCount "113"]
[EventDate "2019.09.29"]
[EventType "team-tourn"]
[EventRounds "9"]
[WhiteTeam "Turbine Rostock"]
[BlackTeam "SG Guestrow/Teterow"]
[WhiteTeamCountry "GER"]
[BlackTeamCountry "GER"]

1. e4 d5 2. exd5 Nf6 3. Nc3 Nxd5 4. Nxd5 Qxd5 5. Nf3 Bg4 6. Be2 Nc6 7. d3 e6 8.
Be3 Bd6 9. O-O Ne5 10. Ng5 Bxe2 11. Qxe2 h6 12. Ne4 O-O-O 13. Nxd6+ cxd6 14. f4
Nc6 15. a3 Kb8 16. Qf3 Qf5 17. Qe4 Qh5 18. b4 g5 19. b5 Ne7 20. Bd4 Rhg8 21.
Bf6 Rd7 22. Bxe7 Rxe7 23. f5 g4 24. a4 g3 25. h3 Qg5 26. Rf4 h5 27. c4 Rge8 28.
f6 Rc7 29. Raf1 Rec8 30. Qe3 Rc5 31. h4 Qg6 32. R1f3 Re5 33. Re4 Rxe4 34. Qxe4
Qxe4 35. dxe4 Rxc4 36. Rxg3 Rxe4 37. Rg7 Rf4 38. Rxf7 d5 39. a5 d4 40. b6 axb6
41. axb6 Kc8 42. Rc7+ Kd8 43. f7 d3 44. Rc3 Rxf7 45. Rxd3+ Ke7 46. Kh2 e5 47.
Kh3 Rf6 48. Rd5 Re6 49. Rc5 e4 50. Rc2 Rxb6 51. Kg3 Ke6 52. Kf4 Rb4 53. Rc5 e3+
54. Kxe3 Rxh4 55. Rb5 Rg4 56. Kf3 Rg7 57. Rxh5 1/2-1/2

[Event "Verbandsliga 2019-20"]
[Site "MVP"]
[Date "2019.09.29"]
[Round "1.6"]
[White "Ramp, Oliver"]
[Black "Vladov, Mark"]
[Result "1-0"]
[WhiteElo "1937"]
[BlackElo "1738"]
[PlyCount "83"]
[EventDate "2019.09.29"]
[EventType "team-tourn"]
[EventRounds "9"]
[WhiteTeam "SG Guestrow/Teterow"]
[BlackTeam "Turbine Rostock"]
[WhiteTeamCountry "GER"]
[BlackTeamCountry "GER"]

1. e4 c5 2. Nf3 Nc6 3. Bb5 Qb6 4. Nc3 e6 5. O-O g6 6. Re1 Bg7 7. Bf1 Nf6 8. h3
a6 9. d3 d6 10. Rb1 Nd7 11. Bf4 Nde5 12. Nxe5 Nxe5 13. Qd2 Bd7 14. Be3 Qc7 15.
d4 cxd4 16. Bxd4 f6 17. Rbd1 b5 18. a3 g5 19. Be2 h5 20. Be3 Bf8 21. Qd4 Be7
22. Rd2 g4 23. h4 Nc6 24. Qb6 Qxb6 25. Bxb6 Ne5 26. Bc7 Nf7 27. Red1 Rc8 28.
Bb6 Rc6 29. Be3 Ne5 30. Bf4 Nf7 31. Be3 O-O 32. f3 f5 33. exf5 exf5 34. g3 Be6
35. f4 Bf6 36. Bd4 Bxd4+ 37. Rxd4 Rcc8 38. Bd3 Kg7 39. Nd5 Bxd5 40. Rxd5 Rfd8
41. Bxf5 Rxc2 42. Bxc2 1-0

[Event "Verbandsliga 2019-20"]
[Site "MVP"]
[Date "2019.10.20"]
[Round "2.1"]
[White "Wolke, Heiko"]
[Black "Fischer, Torsten"]
[Result "1/2-1/2"]
[WhiteElo "2036"]
[BlackElo "2026"]
[PlyCount "82"]
[EventDate "2019.09.29"]
[EventType "team-tourn"]
[EventRounds "9"]
[WhiteTeam "Turbine Rostock"]
[BlackTeam "SF Schwerin III"]
[WhiteTeamCountry "GER"]
[BlackTeamCountry "GER"]

1. e4 e6 2. d3 d5 3. Nd2 c5 4. Ngf3 Nc6 5. g3 Nf6 6. Bg2 Be7 7. O-O O-O 8. a4
b6 9. Re1 Ba6 10. exd5 exd5 11. Nf1 Bd6 12. Ne3 Nb4 13. Nf5 Re8 14. Rxe8+ Nxe8
15. Nxd6 Qxd6 16. Bf4 Qf6 17. Be5 Qf5 18. Qd2 Rd8 19. Bc3 Nc6 20. d4 Nf6 21.
Nh4 Qg4 22. dxc5 bxc5 23. Bxf6 gxf6 24. c3 Bc4 25. Qc2 Re8 26. Bf3 Qe6 27. Kg2
Ne5 28. Re1 Bd3 29. Qd1 c4 30. Re3 Qc6 31. Kg1 Rb8 32. Qc1 a5 33. Bg2 Kg7 34.
Nf3 Nxf3+ 35. Bxf3 Qxa4 36. Re7 Re8 37. Rxe8 Qxe8 38. Bxd5 Qe2 39. Bg2 h6 40.
Bh1 Kg6 41. Bg2 Kg7 1/2-1/2

[Event "Verbandsliga 2019-20"]
[Site "MVP"]
[Date "2019.10.20"]
[Round "2.3"]
[White "Hamann, Dirk"]
[Black "Schumacher, Ole"]
[Result "1/2-1/2"]
[WhiteElo "1987"]
[BlackElo "1711"]
[PlyCount "109"]
[EventDate "2019.09.29"]
[EventType "team-tourn"]
[EventRounds "9"]
[WhiteTeam "Turbine Rostock"]
[BlackTeam "SF Schwerin III"]
[WhiteTeamCountry "GER"]
[BlackTeamCountry "GER"]

1. e4 c5 2. Nf3 d6 3. d4 cxd4 4. Nxd4 Nf6 5. Nc3 a6 6. Bg5 e6 7. f4 h6 8. Bh4
Qb6 9. a3 Be7 10. Bf2 Qc7 11. Be2 Nbd7 12. Nb3 b5 13. O-O Bb7 14. Bf3 Rc8 15.
Qd4 e5 16. Qe3 O-O 17. f5 Nc5 18. h4 Na4 19. Nxa4 bxa4 20. Nd2 d5 21. c3 dxe4
22. Nxe4 Bxe4 23. Bxe4 Bc5 24. Qxc5 Nxe4 25. Qe3 Nxf2 26. Rxf2 Qc5 27. Qxc5
Rxc5 28. Rd1 Rb8 29. Rd6 a5 30. f6 Rb7 31. fxg7 Kxg7 32. Kh2 Rcb5 33. Rdd2 e4
34. Rd4 Rxb2 35. Rxb2 Rxb2 36. Rxe4 Rb3 37. Rxa4 Rxc3 38. Rxa5 Kf6 39. a4 Ra3
40. g3 Kg7 41. Kh3 Ra1 42. Kg4 Ra2 43. Kh5 Ra3 44. g4 Ra1 45. g5 hxg5 46. hxg5
Rh1+ 47. Kg4 Rg1+ 48. Kf4 Re1 49. Re5 Ra1 50. Ra5 Re1 51. Ra6 Ra1 52. a5 Ra4+
53. Kf5 Ra1 54. Ra7 Rf1+ 55. Ke5 1/2-1/2

[Event "Verbandsliga 2019-20"]
[Site "MVP"]
[Date "2019.10.20"]
[Round "2.5"]
[White "Schmidt, Reinhard"]
[Black "Kupfernagel, Michael"]
[Result "0-1"]
[WhiteElo "1898"]
[BlackElo "2030"]
[PlyCount "100"]
[EventDate "2019.09.29"]
[EventType "team-tourn"]
[EventRounds "9"]
[WhiteTeam "Turbine Rostock"]
[BlackTeam "SF Schwerin III"]
[WhiteTeamCountry "GER"]
[BlackTeamCountry "GER"]

1. e4 c5 2. Nf3 d6 3. d4 cxd4 4. Nxd4 Nf6 5. Nc3 a6 6. a4 e5 7. Nf3 Qc7 8. h3
h6 9. Bd3 Be6 10. O-O Be7 11. Re1 Nbd7 12. Be3 Rc8 13. Qd2 Nb6 14. a5 Nc4 15.
Bxc4 Qxc4 16. Bb6 O-O 17. Re2 Qb4 18. Qc1 Qc4 19. Qd1 Bd7 20. Nd2 Qe6 21. Nf1
Bc6 22. Ng3 g6 23. Qd2 Kg7 24. f4 exf4 25. Qxf4 Nd7 26. Bd4+ Ne5 27. h4 Qf6 28.
Qxf6+ Bxf6 29. h5 Nf3+ 30. gxf3 Bxd4+ 31. Kg2 Bxc3 32. bxc3 Bb5 33. Re3 Rc5 34.
Rd1 Rfc8 35. hxg6 fxg6 36. Rxd6 Rxc3 37. Rxc3 Rxc3 38. Rd2 Ba4 39. Rd4 Rxc2+
40. Kh3 Bc6 41. Kg4 Rc5 42. f4 h5+ 43. Kh4 Rxa5 44. f5 gxf5 45. Nxf5+ Kf6 46.
Ng3 Ke5 47. Rd8 Ra4 48. Kxh5 Bxe4 49. Re8+ Kd5 50. Ne2 Bf3+ 0-1

[Event "Verbandsliga 2019-20"]
[Site "MVP"]
[Date "2019.10.20"]
[Round "2.6"]
[White "Pamperin, Gerhard"]
[Black "Boecking, Uwe"]
[Result "1/2-1/2"]
[WhiteElo "1918"]
[BlackElo "1769"]
[PlyCount "86"]
[EventDate "2019.09.29"]
[EventType "team-tourn"]
[EventRounds "9"]
[WhiteTeam "SF Schwerin III"]
[BlackTeam "Turbine Rostock"]
[WhiteTeamCountry "GER"]
[BlackTeamCountry "GER"]

1. d4 Nf6 2. Nf3 e6 3. c4 d5 4. Nc3 Bb4 5. e3 c6 6. Bd2 O-O 7. Qc2 Nbd7 8. Be2
dxc4 9. Bxc4 b5 10. Bd3 Bb7 11. O-O a6 12. Ne4 Bxd2 13. Nfxd2 e5 14. Nxf6+ Qxf6
15. Bxh7+ Kh8 16. Bf5 Nb6 17. dxe5 Qxe5 18. Nf3 Qf6 19. Be4 Nc8 20. Qc5 Nd6 21.
Bc2 g6 22. b3 Rad8 23. Rac1 Rfe8 24. Rfd1 Nc8 25. Rd4 Rxd4 26. exd4 Nd6 27. Bd3
Kg7 28. Ne5 Rc8 29. h3 Qe6 30. Nf3 Qf6 31. Re1 Ba8 32. Re5 Bb7 33. Be4 Rc7 34.
Nd2 Qd8 35. Bf3 Nf5 36. Re4 Rd7 37. Qe5+ f6 38. Qe8 Rxd4 39. Qxd8 Rxd8 40. Re2
Kf7 41. Be4 Nd4 42. Re3 f5 43. Bb1 c5 1/2-1/2

[Event "Verbandsliga 2019-20"]
[Site "MVP"]
[Date "2019.10.20"]
[Round "2.7"]
[White "Vladov, Mark"]
[Black "Krueger, Gerhard"]
[Result "0-1"]
[WhiteElo "1738"]
[BlackElo "1972"]
[PlyCount "58"]
[EventDate "2019.09.29"]
[EventType "team-tourn"]
[EventRounds "9"]
[WhiteTeam "Turbine Rostock"]
[BlackTeam "SF Schwerin III"]
[WhiteTeamCountry "GER"]
[BlackTeamCountry "GER"]

1. c4 c5 2. Nc3 Nc6 3. Nf3 Nf6 4. g3 g6 5. Bg2 Bg7 6. e3 O-O 7. O-O a6 8. d4
cxd4 9. exd4 d5 10. b3 dxc4 11. bxc4 Na5 12. Qe2 Be6 13. d5 Nxd5 14. cxd5 Bxc3
15. dxe6 Bxa1 16. exf7+ Rxf7 17. Ng5 Rf6 18. Ba3 Bd4 19. Bxe7 Qe8 20. Bd5+ Kh8
21. Bxf6+ Bxf6 22. Nf7+ Kg7 23. Qxe8 Rxe8 24. Nd6 Rd8 25. Bxb7 Rxd6 26. Bg2 Rd2
27. Rc1 Bd4 28. Rc7+ Kh6 29. Bd5 Bxf2+ 0-1

[Event "Verbandsliga 2019-20"]
[Site "MVP"]
[Date "2019.10.20"]
[Round "2.2"]
[White "Boehme, Andy"]
[Black "Luther, Alexander"]
[Result "1-0"]
[WhiteElo "2058"]
[BlackElo "2052"]
[PlyCount "87"]
[EventDate "2019.09.29"]
[EventType "team-tourn"]
[EventRounds "9"]
[WhiteTeam "BW Grevesmuehlen"]
[BlackTeam "SG Guestrow/Teterow"]
[WhiteTeamCountry "GER"]
[BlackTeamCountry "GER"]

1. Nf3 d5 2. e3 Nf6 3. b3 Bg4 4. Bb2 e6 5. h3 Bh5 6. g4 Bg6 7. Ne5 Nbd7 8. Nxg6
hxg6 9. Bg2 Bd6 10. d3 Qe7 11. Nd2 Ba3 12. Qc1 Bxb2 13. Qxb2 c6 14. O-O-O a5
15. e4 dxe4 16. dxe4 a4 17. Nc4 O-O 18. f4 b5 19. Nd6 e5 20. f5 g5 21. b4 Rfd8
22. Nb7 Rdb8 23. Na5 Rc8 24. Kb1 c5 25. c3 Nb6 26. a3 cxb4 27. axb4 Nc4 28.
Nxc4 Rxc4 29. Bf1 Rxe4 30. Bg2 a3 31. Qd2 Rc8 32. Bxe4 Nxe4 33. Qd7 Qf8 34. Rc1
Nxc3+ 35. Ka1 Rc4 36. h4 Qxb4 37. Qe8+ Qf8 38. Qxf8+ Kxf8 39. hxg5 b4 40. f6
gxf6 41. gxf6 Kg8 42. Rh3 Rxg4 43. Rch1 Kf8 44. Rd3 1-0

[Event "Verbandsliga 2019-20"]
[Site "MVP"]
[Date "2019.10.20"]
[Round "2.3"]
[White "Dettmann, Gerd"]
[Black "Naujok, Joerg"]
[Result "0-1"]
[WhiteElo "2102"]
[BlackElo "2055"]
[PlyCount "96"]
[EventDate "2019.09.29"]
[EventType "team-tourn"]
[EventRounds "9"]
[WhiteTeam "SG Guestrow/Teterow"]
[BlackTeam "BW Grevesmuehlen"]
[WhiteTeamCountry "GER"]
[BlackTeamCountry "GER"]

1. e4 Nf6 2. e5 Nd5 3. d4 d6 4. c4 Nb6 5. exd6 cxd6 6. d5 e5 7. Nc3 Be7 8. f4
Bf6 9. Nf3 O-O 10. fxe5 Bxe5 11. Nxe5 Re8 12. Be2 dxe5 13. O-O Na6 14. Be3 f5
15. c5 f4 16. Bf2 Nd7 17. Bxa6 bxa6 18. Ne4 Nf6 19. Bh4 Rf8 20. Qd3 Kh8 21.
Bxf6 gxf6 22. Rfd1 Bf5 23. Qc4 Bg4 24. Rd2 f5 25. Nf2 Bh5 26. Qc3 Qf6 27. d6 e4
28. Nh3 Qxc3 29. bxc3 e3 30. Rb2 f3 31. Nf4 f2+ 32. Kf1 Be8 33. Nd5 f4 34. Nc7
Bc6 35. Rxf2 exf2 36. Nxa8 Bxa8 37. Kxf2 Bc6 38. Rd1 f3 39. g4 Rf7 40. Re1 Kg7
41. Re5 Rb7 42. Kg3 Kf6 43. Rf5+ Ke6 44. c4 Rb2 45. Rh5 Rg2+ 46. Kh3 Be4 47. a4
Rg1 48. c6 f2 0-1

[Event "Verbandsliga 2019-20"]
[Site "MVP"]
[Date "2019.10.20"]
[Round "2.4"]
[White "Stiegler, Maik"]
[Black "Gebert-Vangeel, Ralf"]
[Result "0-1"]
[WhiteElo "1997"]
[BlackElo "2033"]
[PlyCount "52"]
[EventDate "2019.09.29"]
[EventType "team-tourn"]
[EventRounds "9"]
[WhiteTeam "BW Grevesmuehlen"]
[BlackTeam "SG Guestrow/Teterow"]
[WhiteTeamCountry "GER"]
[BlackTeamCountry "GER"]

1. d4 d5 2. c4 c6 3. Nc3 e6 4. Nf3 Nf6 5. Bg5 Nbd7 6. e3 Qa5 7. Qc2 Bb4 8. Bxf6
Nxf6 9. Nd2 O-O 10. Nb3 Qd8 11. a3 Bd6 12. Bd3 dxc4 13. Bxc4 e5 14. Rd1 Qe7 15.
O-O e4 16. h3 Bf5 17. f3 b5 18. fxe4 bxc4 19. Rxf5 cxb3 20. Qd3 g6 21. Rf3 Rad8
22. Rdf1 Nh5 23. Qc4 Qe6 24. d5 Qe5 25. R1f2 cxd5 26. Nxd5 Rc8 0-1

[Event "Verbandsliga 2019-20"]
[Site "MVP"]
[Date "2019.10.20"]
[Round "2.5"]
[White "Dettmann, Holger"]
[Black "Hausmann, Marcus"]
[Result "1/2-1/2"]
[WhiteElo "2012"]
[BlackElo "1916"]
[PlyCount "27"]
[EventDate "2019.09.29"]
[EventType "team-tourn"]
[EventRounds "9"]
[WhiteTeam "SG Guestrow/Teterow"]
[BlackTeam "BW Grevesmuehlen"]
[WhiteTeamCountry "GER"]
[BlackTeamCountry "GER"]

1. d4 d6 2. Nc3 Nf6 3. e4 e5 4. Bg5 Be7 5. dxe5 dxe5 6. Bxf6 Bxf6 7. Qxd8+ Bxd8
8. Nf3 f6 9. Bc4 Bd7 10. a3 a5 11. O-O Na6 12. Ne1 Nc5 13. Rd1 Be6 14. Bxe6
1/2-1/2

[Event "Verbandsliga 2019-20"]
[Site "MVP"]
[Date "2019.10.20"]
[Round "2.7"]
[White "Ramp, Oliver"]
[Black "Piske, Thomas"]
[Result "0-1"]
[WhiteElo "1937"]
[BlackElo "1944"]
[PlyCount "44"]
[EventDate "2019.09.29"]
[EventType "team-tourn"]
[EventRounds "9"]
[WhiteTeam "SG Guestrow/Teterow"]
[BlackTeam "BW Grevesmuehlen"]
[WhiteTeamCountry "GER"]
[BlackTeamCountry "GER"]

1. e4 d6 2. d4 Nf6 3. Nc3 g6 4. f3 Bg7 5. Be3 O-O 6. Qd2 c6 7. Bh6 Qa5 8. Bd3
Qb6 9. Nge2 Qxb2 10. Rb1 Qa3 11. h4 e5 12. h5 b5 13. hxg6 fxg6 14. Bxg7 Kxg7
15. Bxb5 cxb5 16. Nxb5 Qxa2 17. Nec3 Qa5 18. Qh6+ Kg8 19. Ke2 Ba6 20. Nd5 Bxb5+
21. Kd1 Nbd7 22. g4 Rf7 0-1

[Event "Verbandsliga 2019-20"]
[Site "MVP"]
[Date "2019.10.20"]
[Round "2.8"]
[White "Haase, Sebastian"]
[Black "Hornecker, Siegfried"]
[Result "0-1"]
[WhiteElo "1857"]
[BlackElo "2015"]
[PlyCount "86"]
[EventDate "2019.09.29"]
[EventType "team-tourn"]
[EventRounds "9"]
[WhiteTeam "BW Grevesmuehlen"]
[BlackTeam "SG Guestrow/Teterow"]
[WhiteTeamCountry "GER"]
[BlackTeamCountry "GER"]

1. d4 Nf6 2. Nf3 d5 3. Bf4 c5 4. e3 Nc6 5. c3 Bg4 6. Nbd2 Nh5 7. Bg3 e6 8. Bd3
Qb6 9. Qb3 Nxg3 10. Qxb6 axb6 11. hxg3 c4 12. Bc2 b5 13. e4 Bxf3 14. Nxf3 b4
15. O-O Be7 16. exd5 exd5 17. Rfe1 f6 18. Bf5 Kd8 19. Be6 Ra5 20. a3 bxc3 21.
bxc3 Kc7 22. a4 Bd6 23. Nh2 Rha8 24. Nf1 Ne7 25. Ne3 Kc6 26. Nf5 Nxf5 27. Bxf5
Rxa4 28. Rxa4 Rxa4 29. Bxh7 Ra3 30. Re3 Bc7 31. Bg8 Ra1+ 32. Kh2 Ra8 33. Bf7
Ba5 34. Re6+ Kb5 35. Rd6 Bxc3 36. Rxd5+ Kb4 37. Rd7 b5 38. d5 Bd4 39. Kg1 Ra1+
40. Kh2 Ra7 41. Rxa7 Bxa7 42. d6 c3 43. d7 Bb6 0-1

[Event "Verbandsliga 2019-20"]
[Site "MVP"]
[Date "2019.10.20"]
[Round "2.1"]
[White "Stutz, Reno"]
[Black "Mildner, Jens"]
[Result "1/2-1/2"]
[WhiteElo "2017"]
[BlackElo "2107"]
[PlyCount "47"]
[EventDate "2019.09.29"]
[EventType "team-tourn"]
[EventRounds "9"]
[WhiteTeam "ASV Wismar"]
[BlackTeam "Greifswalder SV II"]
[WhiteTeamCountry "GER"]
[BlackTeamCountry "GER"]

1. d4 Nf6 2. Nf3 e6 3. e3 d5 4. Bd3 c5 5. b3 Nc6 6. O-O cxd4 7. exd4 Be7 8. Bb2
O-O 9. Nbd2 b6 10. c4 Bb7 11. Rc1 Rc8 12. Qe2 Qc7 13. Rfd1 Qf4 14. cxd5 Nxd5
15. Ne4 Ncb4 16. Bb1 Nf6 17. Nxf6+ Bxf6 18. Ne5 Rfd8 19. Rxc8 Rxc8 20. a3 Nd5
21. g3 Qh6 22. Be4 Bxe5 23. dxe5 Qg5 24. Bg2 1/2-1/2

[Event "Verbandsliga 2019-20"]
[Site "MVP"]
[Date "2019.10.20"]
[Round "2.2"]
[White "Troyke, Jannis"]
[Black "Kliewe, Hans-Juergen"]
[Result "1/2-1/2"]
[WhiteElo "1772"]
[BlackElo "2113"]
[PlyCount "80"]
[EventDate "2019.09.29"]
[EventType "team-tourn"]
[EventRounds "9"]
[WhiteTeam "Greifswalder SV II"]
[BlackTeam "ASV Wismar"]
[WhiteTeamCountry "GER"]
[BlackTeamCountry "GER"]

1. e4 e6 2. d4 d5 3. Nd2 c5 4. exd5 exd5 5. Bb5+ Nc6 6. Ngf3 Bd6 7. dxc5 Bxc5
8. O-O Nge7 9. Nb3 Bd6 10. c3 O-O 11. Bd3 Bf5 12. Bg5 Bxd3 13. Qxd3 Qc7 14.
Bxe7 Nxe7 15. Nbd4 Rad8 16. Nb5 Qb6 17. Nxd6 Rxd6 18. a4 Rfd8 19. Rfe1 Ng6 20.
Nd4 Rf6 21. Qb5 Nf8 22. Re5 a6 23. Qxb6 Rxb6 24. b3 Ng6 25. Re3 h6 26. Rae1
Rbd6 27. a5 R6d7 28. Kf1 Rc7 29. g3 Kf8 30. Ke2 Re8 31. Kd3 Rxe3+ 32. Rxe3 Ne7
33. b4 g6 34. g4 Rd7 35. f4 Kg7 36. h4 Ng8 37. g5 Ne7 38. Re1 Nc8 39. f5 hxg5
40. fxg6 Kxg6 1/2-1/2

[Event "Verbandsliga 2019-20"]
[Site "MVP"]
[Date "2019.10.20"]
[Round "2.3"]
[White "Littke, Helmut"]
[Black "Schwahn, Christian"]
[Result "1-0"]
[WhiteElo "2056"]
[BlackElo "1973"]
[PlyCount "61"]
[EventDate "2019.09.29"]
[EventType "team-tourn"]
[EventRounds "9"]
[WhiteTeam "ASV Wismar"]
[BlackTeam "Greifswalder SV II"]
[WhiteTeamCountry "GER"]
[BlackTeamCountry "GER"]

1. d4 Nf6 2. Nf3 e6 3. c4 b6 4. g3 Bb4+ 5. Nc3 Bb7 6. Bg2 O-O 7. O-O d6 8. Qc2
Bxc3 9. Qxc3 Ne4 10. Qc2 Qc8 11. d5 exd5 12. cxd5 Re8 13. Rd1 Nf6 14. Nh4 Na6
15. a3 Re5 16. e4 Nc5 17. f3 Qe8 18. b4 Qa4 19. Ra2 Qxc2 20. Rxc2 Na6 21. Bb2
Ne8 22. Bxe5 dxe5 23. Nf5 Rd8 24. Bf1 Nb8 25. Rdc1 Kf8 26. Bb5 Na6 27. Bxe8
Rxe8 28. Rxc7 Nxc7 29. Rxc7 g6 30. Nd6 Re7 31. Rxb7 1-0

[Event "Verbandsliga 2019-20"]
[Site "MVP"]
[Date "2019.10.20"]
[Round "2.4"]
[White "Gwiazda, Slawomir"]
[Black "Junggebauer, Thomas"]
[Result "0-1"]
[WhiteElo "1960"]
[BlackElo "2000"]
[PlyCount "108"]
[EventDate "2019.09.29"]
[EventType "team-tourn"]
[EventRounds "9"]
[WhiteTeam "Greifswalder SV II"]
[BlackTeam "ASV Wismar"]
[WhiteTeamCountry "GER"]
[BlackTeamCountry "GER"]

1. d4 e6 2. Nf3 Nf6 3. Bg5 Be7 4. e3 b6 5. c4 Bb7 6. Nc3 h6 7. Bh4 Ne4 8. Bxe7
Qxe7 9. Bd3 Nxc3 10. bxc3 d6 11. O-O Nd7 12. e4 e5 13. Qe2 O-O 14. Nd2 Rae8 15.
Rae1 Qg5 16. Nf3 Qd8 17. Qc2 f5 18. Kh1 f4 19. Qe2 Qf6 20. g4 g5 21. Rg1 Re7
22. Qf1 exd4 23. cxd4 Rfe8 24. Qe2 Qg7 25. Qc2 Nf6 26. d5 Bc8 27. h3 Nd7 28.
Nd2 Nc5 29. Nb3 Nd7 30. Nd2 Qd4 31. Nb3 Qf6 32. f3 Ne5 33. Kg2 a5 34. Rh1 Bd7
35. Nc1 Rh7 36. Be2 h5 37. Reg1 Kg7 38. Nd3 hxg4 39. hxg4 Reh8 40. Nf2 Rh4 41.
Rh3 Rxh3 42. Nxh3 Qh6 43. Nf2 Qf6 44. Qd2 Rh4 45. Kf1 Qh6 46. Ke1 Rh2 47. Qd4
Qh4 48. Rf1 Qg3 49. c5 bxc5 50. Qc3 Kf7 51. Qxa5 Nxf3+ 52. Bxf3 Qxf3 53. Qd2
Bb5 54. Qa5 Qe2# 0-1

[Event "Verbandsliga 2019-20"]
[Site "MVP"]
[Date "2019.10.20"]
[Round "2.5"]
[White "Bahr, Enrico"]
[Black "Sowada, Christoph"]
[Result "1/2-1/2"]
[WhiteElo "2003"]
[BlackElo "1952"]
[PlyCount "35"]
[EventDate "2019.09.29"]
[EventType "team-tourn"]
[EventRounds "9"]
[WhiteTeam "ASV Wismar"]
[BlackTeam "Greifswalder SV II"]
[WhiteTeamCountry "GER"]
[BlackTeamCountry "GER"]

1. d4 f5 2. Nf3 d6 3. Bf4 g6 4. e3 Bg7 5. c3 c6 6. Nbd2 Nh6 7. h3 Nf7 8. Ng5
O-O 9. Qb3 d5 10. Nxf7 Rxf7 11. Nf3 e6 12. Bd3 Qb6 13. O-O Nd7 14. Rfe1 Re7 15.
Be5 Bxe5 16. Nxe5 Nxe5 17. dxe5 Qc7 18. f4 1/2-1/2

[Event "Verbandsliga 2019-20"]
[Site "MVP"]
[Date "2019.10.20"]
[Round "2.6"]
[White "Valet, Richard"]
[Black "Schulz, Bernd"]
[Result "1/2-1/2"]
[WhiteElo "2051"]
[BlackElo "1906"]
[PlyCount "39"]
[EventDate "2019.09.29"]
[EventType "team-tourn"]
[EventRounds "9"]
[WhiteTeam "Greifswalder SV II"]
[BlackTeam "ASV Wismar"]
[WhiteTeamCountry "GER"]
[BlackTeamCountry "GER"]

1. e4 e5 2. Nf3 Nc6 3. Bc4 Bc5 4. c3 Nf6 5. d4 exd4 6. cxd4 Bb4+ 7. Bd2 Bxd2+
8. Nbxd2 d5 9. exd5 Nxd5 10. Qb3 Nce7 11. O-O O-O 12. a4 c6 13. Rfe1 Qb6 14.
Qa3 Nf5 15. Rad1 Be6 16. a5 Qc7 17. Ne4 Nf4 18. Bxe6 Nxe6 19. d5 cxd5 20. Rxd5
1/2-1/2